Návrh racionalizácie procesov na základe uplatnenia metódy Value stream mapping v podniku RKS Trenčín, s.r.o.

Gespeichert in:
Bibliographische Detailangaben
1. Verfasser: Juríková, Monika (Verfasst von)
Weitere Verfasser: Mesárošová, Jana (Betreuung Doktorarbeit)
Format: Manuskript Buch
Sprache:Slowakisch
Veröffentlicht: 2021
Schlagworte:
Online-Zugang:http://is.stuba.sk/zp/portal_zp.pl?podrobnosti=158064
Tags: Tag hinzufügen
Keine Tags, Fügen Sie das erste Tag hinzu!

MARC

LEADER 00000ntm a22000003a 4500
001 stuzp83415
003 SK-STU
005 20210612211611.0
007 ta
008 150427s2015----xo-----f-mn---000-0-slo-d
040 |a STU  |b slo 
041 0 |a slo 
100 1 |a Juríková, Monika  |u 064000  |k Z4  |4 aut  |U MTF Materiálovotechnologická fakulta  |T MTF Ústav priemyselného inžinierstva a manažmentu  |X 85607  |U M4000  |Y 84  |7 85607 
242 0 1 |a Proposal for process rationalization based on the application of the Value stream mapping method in enterprise RKS Trenčín, s.r.o.  |y eng 
245 1 0 |a Návrh racionalizácie procesov na základe uplatnenia metódy Value stream mapping v podniku RKS Trenčín, s.r.o. 
260 |c 2021 
650 4 |a racionalizácia  |2 slo 
650 4 |a štíhla výroba  |2 slo 
650 4 |a value stream mapping  |2 slo 
650 4 |a výrobný proces  |2 slo 
650 4 |a lean production  |2 eng 
650 4 |a manufacturing process  |2 eng 
650 4 |a rationalization  |2 eng 
650 4 |a value stream mapping  |2 eng 
700 1 |a Mesárošová, Jana  |u 064000  |k Z1  |4 ths  |U MTF Materiálovotechnologická fakulta  |T MTF Ústav priemyselného inžinierstva a manažmentu  |X 33022  |U M4000  |Y 84  |7 A000033022 
856 4 |u http://is.stuba.sk/zp/portal_zp.pl?podrobnosti=158064 
996 |c M* DP-14557  |l MMSKP  |s P  |a 0  |w stuzp83415_0001